[Event "Santa Cruz Regional Norte zt"]
[Site "Santa Cruz"]
[Date "2017.05.06"]
[Round "4"]
[White "Torres, Eduardo Paschoal"]
[Black "Dos Anjos, Avner Augusto"]
[Result "0-1"]
[WhiteElo "1612"]
[BlackElo "1957"]
[PlyCount "68"]
[EventDate "2017.05.05"]
[EventType "swiss"]
[EventRounds "6"]
[EventCountry "BRA"]
[SourceTitle "EXT 2018"]
[Source "ChessBase"]
[SourceDate "2017.10.13"]
[SourceVersion "1"]
[SourceVersionDate "2017.10.13"]
[SourceQuality "1"]

1. d4 Nf6 2. c4 g6 3. Nc3 Bg7 4. Nf3 0-0 5. Bf4 c5 6. d5 d6 7. e4 Nh5 8. Bd2 a6 9. h3 e5 10. Be2 Nf4 11. Bxf4 exf4 12. Qd2 g5 13. g3 fxg3 14. fxg3 h6 15. h4 g4 16. Nh2 h5 17. 0-0-0 Kh7 18. Qc2 f5 19. Bd3 Bxc3 20. Qxc3 Qf6 21. Qc2 Nd7 22. Rhf1 Ne5 23. Rf2 b5 24. Rdf1 bxc4 25. Bxc4 Bd7 26. Bb3 c4 27. Ba4 Nd3+ 28. Kb1 Nxf2 29. Bxd7 fxe4 30. Qxc4 Rab8 31. Qe2 Qd4 32. Be6 Nd3 33. Rxf8 Rxb2+ 34. Qxb2 Qxb2# 0-1